BIBLIOTECA

SENCICO

Ideas brillantes en iluminación (Registro nro. 2600)

Detalles MARC
000 -LEADER
fixed length control field 00670nam a2200217Ia 4500
005 - DATE AND TIME OF LATEST TRANSACTION
control field 20251020182547.0
008 - FIXED-LENGTH DATA ELEMENTS--GENERAL INFORMATION
fixed length control field 200515s9999 xx 000 0 und d
020 ## - INTERNATIONAL STANDARD BOOK NUMBER
International Standard Book Number 978-9962-04-212-9
082 ## - DEWEY DECIMAL CLASSIFICATION NUMBER
Classification number 749.42/M26
100 ## - MAIN ENTRY--PERSONAL NAME
Personal name Martínez Alonso, Claudia
245 #0 - TITLE STATEMENT
Title Ideas brillantes en iluminación
260 ## - PUBLICATION, DISTRIBUTION, ETC.
Place of publication, distribution, etc. China
260 ## - PUBLICATION, DISTRIBUTION, ETC.
Name of publisher, distributor, etc. Loft Publication
260 ## - PUBLICATION, DISTRIBUTION, ETC.
Date of publication, distribution, etc. 2015
300 ## - PHYSICAL DESCRIPTION
Extent 539 p.
300 ## - PHYSICAL DESCRIPTION
Other physical details il.
520 ## - SUMMARY, ETC.
Summary, etc. Muestra diferentes tipos de iluminación e incluye reproducciones de esbozos y planos y lamparas y otros sistemas en los que se conjugan técnica punta y técnicas tradicionales
650 ## - SUBJECT ADDED ENTRY--TOPICAL TERM
Topical term or geographic name entry element ILUMINACION
942 ## - ADDED ENTRY ELEMENTS (KOHA)
Koha item type Libros
Existencias
Fecha de la última vez que lo usaron Pago total Signatura topográfica completa Código de barras Precio efectivo desde Tipo de documento Estado perdido Estado dañado No es para préstamo Retirado Ubicación permanente Ubicación actual Fecha de adquisición
15/05/2020   749.42/M26 Bib-Lima15052600 15/05/2020 Libros         Biblioteca Central Lima Biblioteca Central Lima 15/05/2020